Những nội dung cơ bản của luật kiểm toán nhà nước năm 2005

שמור ב:
מידע ביבליוגרפי
פורמט: ספר
שפה:Undetermined
יצא לאור: Hà Nội Tư Pháp 2005
נושאים:
תגים: הוספת תג
אין תגיות, היה/י הראשונ/ה לתייג את הרשומה!
Thư viện lưu trữ: Trung tâm Học liệu Trường Đại học Cần Thơ
LEADER 00591nam a2200181Ia 4500
001 CTU_105134
008 210402s9999 xx 000 0 und d
020 |c 14000 
082 |a 343.597034 
082 |b Nh556 
245 0 |a Những nội dung cơ bản của luật kiểm toán nhà nước năm 2005 
245 0 |c Vụ công tác lập pháp 
260 |a Hà Nội 
260 |b Tư Pháp 
260 |c 2005 
650 |a Accounting law 
904 |i Nguyên sửa số PL 352.4 thành 343.597034 
980 |a Trung tâm Học liệu Trường Đại học Cần Thơ